|
|
|
|
| LEADER |
00000cam a2200000 i 4500 |
| 001 |
1/96040 |
| 008 |
081024q19501970gr | || |||| ||gre|| |
| 035 |
|
|
|l 10101158
|
| 040 |
|
|
|a GR-MyUa
|b gre
|e AACR2
|
| 041 |
1 |
|
|a gre
|h eng
|
| 082 |
7 |
|
|a 882.33
|2 (22)
|
| 100 |
1 |
|
|a Shakespeare, William,
|d 1564-1616.
|
| 245 |
1 |
0 |
|a Βασιλιάς Ληρ :
|b τραγωδία /
|c Ουΐλλιαμ Σαίξπηρ ; μετάφραση Βασίλη Ρώτα.
|
| 260 |
|
|
|a [Αθήνα;] :
|b Ίκαρος,
|c [19--]
|
| 300 |
|
|
|a 147 σ. ;
|c 20 εκ.
|
| 600 |
0 |
0 |
|a Lear,
|c King of England (Legendary character)
|v Drama.
|
| 650 |
|
0 |
|a Tragedies.
|
| 700 |
1 |
|
|a Ρώτας, Βασίλης,
|d 1889-1977,
|e trl
|
| 852 |
|
|
|a INST
|b RHODES
|c AKA
|e 20081024
|h 882.33 SHA
|p 005400031229
|q 005400031229
|t BK
|y 0
|
| 901 |
|
|
|a BIBL4-2008-3
|
| 970 |
|
|
|a Χαριοπολίτου
|b Κωνσταντίνα
|z 24/10/2008
|